Normal view
MARC view
- Dayton, Linnea
Entry Personal Name
001 - CONTROL NUMBER
- control field: 101416
003 - CONTROL NUMBER IDENTIFIER
- control field: NUST
005 - DATE AND TIME OF LATEST TRANSACTION
- control field: 20221026131716.0
008 - FIXED-LENGTH DATA ELEMENTS
- fixed length control field: 221026|| aca||aabn | a|a d
040 ## - CATALOGING SOURCE
- Original cataloging agency: NUST
- Transcribing agency: NUST
100 ## - HEADING--PERSONAL NAME
- Personal name: Dayton, Linnea
670 ## - SOURCE DATA FOUND
- Source citation: Work cat.: (NUST)185229: Dayton, Linnea,, The Photoshop 3 wow! book :, c1996.
